00936 2200337 4500001002100000005001500021035002000036007000300056040001700059100002500076245008300101250001000184300003400194504003000228020002200258041000800280082000800288084001400296090001900310264003100329336002100360337003000381338002300411500003000434650001000464700003500474850001000509008004100519990001900560990001900579INLIS00000000000951920260420082425 a0010-1222000124ta aSBPUPADbind0 aAbu YasidePengarang1 aNalar dan Wahyu :binterrelasi dalam proses pembentukan syaria'at /cAbu Yasid acet.5 ax, 181 hal. :bilus. ;c21 cm abibiliografi, hlm 177-179 a978-979-015-633-3 aind a228 a228 ABU n a228 ABU n 2-13 aJakarta :bErlangga,c2007 2rdacontentateks 2rdamediaatanpa perantara 2rdacarrieravolume aBiografi Penulis, hlm 181 4aAgama aeditor, Sayed MahdiePengarang aPUPAD260420 0  a13.854/Br/2010 a13.855/Br/2010